Acciones y actores no sindicales, para causas sindicales: el caso del monitoreo independiente en Centroamérica /

Enregistré dans:
Détails bibliographiques
Auteur principal: Quinteros, Carolina
Format: Texte
Tags: Ajouter un tag
Pas de tags, Soyez le premier à ajouter un tag!

MARC

LEADER 00000 a a2200000 04500
001 10628
003
040
100 |a Quinteros, Carolina  
245 |a Acciones y actores no sindicales, para causas sindicales: el caso del monitoreo independiente en Centroamérica /  |c Carolina Quinteros 
773 |g número 169; páginas 162-176  
999 |c 38346  |d 38346